000 00355nam a2200121Ia 4500
008 230907s9999||||xx |||||||||||||| ||und||
082 _a620.5
_bLIN
100 _aLindsay, S. M.
_9115465
245 0 _aIntroduction to nanoscience /
260 _aOxford University Press,
_bOxford :
_c2010
300 _axii, 457 p., [4] leaves of col. plates :
942 _cBK
999 _c598463
_d598463